| 000 | 00381nam a2200157Ia 4500 | ||
|---|---|---|---|
| 008 | 230312s9999||||xx |||||||||||||| ||und|| | ||
| 020 | _a0-07-024035-3 | ||
| 082 |
_a005.13 _bGOT |
||
| 100 | _aByron Gottfrit | ||
| 245 | 0 | _aProgramming With C | |
| 260 |
_bMcGRAW Hill _ausa _c1997 |
||
| 300 | _a532 | ||
| 546 | _aEng. | ||
| 650 |
_aComputer _vPointers, Classes, Tables |
||
| 942 | _cBK | ||
| 999 |
_c3305 _d3305 |
||